De Gruchy's Clinical Haematology in Medical Practice (Record no. 1222)

MARC details
000 -LEADER
fixed length control field 00560nam a22002057a 4500
003 - CONTROL NUMBER IDENTIFIER
control field OSt
005 - DATE AND TIME OF LATEST TRANSACTION
control field 20161020140908.0
008 - FIXED-LENGTH DATA ELEMENTS--GENERAL INFORMATION
fixed length control field 150324b xxu||||| |||| 00| 0 eng d
020 ## - INTERNATIONAL STANDARD BOOK NUMBER
International Standard Book Number 9780632017157
040 ## - CATALOGING SOURCE
Transcribing agency DNLM
082 ## - DEWEY DECIMAL CLASSIFICATION NUMBER
Classification number WH100 G92M 1989
100 ## - MAIN ENTRY--PERSONAL NAME
Personal name Firkin, Frank [et...al]
9 (RLIN) 11226
245 ## - TITLE STATEMENT
Title De Gruchy's Clinical Haematology in Medical Practice
250 ## - EDITION STATEMENT
Edition statement 5th ed.
260 ## - PUBLICATION, DISTRIBUTION, ETC. (IMPRINT)
Place of publication, distribution, etc. Oxford;
Name of publisher, distributor, etc. Blackwell,
Date of publication, distribution, etc. 1989
300 ## - PHYSICAL DESCRIPTION
Extent ix,524p;
Other physical details ill:
Dimensions 26.5cm.
504 ## - BIBLIOGRAPHY, ETC. NOTE
Bibliography, etc References & index included
650 ## - SUBJECT ADDED ENTRY--TOPICAL TERM
Topical term or geographic name as entry element Haematology
9 (RLIN) 898
942 ## - ADDED ENTRY ELEMENTS (KOHA)
Source of classification or shelving scheme Other/Generic Classification Scheme
Koha item type Open Shelf
Holdings
Withdrawn status Lost status Source of classification or shelving scheme Damaged status Not for loan Home library Current library Date acquired Source of acquisition Inventory number Total Checkouts Full call number Barcode Date last seen Koha item type Price effective from
    Other/Generic Classification Scheme     MUST Main Library MUST Main Library 24/03/2015   15/38962   WH100 G92M 1989 2015-0599 24/03/2015 Open Shelf  
    Other/Generic Classification Scheme     MUST Main Library MUST Main Library 24/03/2015   15/38963   WH100 G92M 1989 2015-0600 24/03/2015 Open Shelf  
    Other/Generic Classification Scheme     MUST Main Library MUST Main Library 22/08/2016   2008/31018   WH100 G92M 1989 2016-3806 22/08/2016 Open Shelf 22/08/2016